|
|
|
|
| LEADER |
00579 a2200169 4500 |
| 008 |
150103s9999 000 0 eng |
| 020 |
|
|
|a 0155831755
|
| 082 |
0 |
0 |
|a 808.51
|
| 100 |
1 |
|
|a Sprague, Jo.
|
| 245 |
1 |
4 |
|a The speaker's handbook /
|
| 260 |
|
|
|a San Diego :
|b Harcourt Brace Jovanovich,
|c c1984.
|
| 300 |
|
|
|a xviii, 389 p.
|
| 650 |
|
0 |
|a Public speaking.
|
| 700 |
1 |
|
|a Stuart, Douglas.
|
| 942 |
|
|
|c BK
|
| 999 |
|
|
|c 303379
|d 303379
|
| 952 |
|
|
|0 0
|1 0
|2 ddc
|4 0
|6 808_510000000000000_SPR_SP
|7 0
|9 346994
|a DRA
|b DRA
|c ST1
|d 2011-02-18
|i 4027
|l 1
|o 808.51 SPR/SP
|p DRA4027
|r 2018-10-23
|s 2018-09-05
|w 2011-02-18
|y BK
|